Correlation of subjective-objective methods in the study of odors and taste
Saved in:
| Corporate Author: | |
|---|---|
| Format: | Book |
| Language: | English |
| Published: |
Filadelfia
ASTM
1968
|
| Series: | ASTM Special Technical Publication, 440
|
| Subjects: | |
| Tags: |
Add Tag
No Tags, Be the first to tag this record!
|
MARC
| LEADER | 00000nam a2200000 a 4500 | ||
|---|---|---|---|
| 001 | UCU3767 | ||
| 003 | CL-VaPUC | ||
| 005 | 20240611104454.0 | ||
| 008 | 960510e19680000us 1 eng d | ||
| 082 | 0 | 4 | |a 661.808 |b AME |2 21 |
| 110 | 2 | |a American Society for Testing and Materials |e author |9 617708 | |
| 245 | 1 | 0 | |a Correlation of subjective-objective methods in the study of odors and taste |
| 260 | |a Filadelfia |b ASTM |c 1968 | ||
| 300 | |a 107 p | ||
| 490 | 0 | |a ASTM Special Technical Publication, 440 | |
| 583 | |a last modification |c 19960510 00:00:00 |k Rodrigo Vera | ||
| 650 | 0 | 7 | |a CONTROL DE OLORES |2 CL-VaPUC |9 347488 |
| 650 | 0 | 0 | |a Gusto |9 369353 |
| 650 | 0 | 0 | |a Olfato |9 334604 |
| 650 | 0 | 0 | |a Percepción |9 266750 |
| 650 | 0 | 0 | |a Aromatizantes |9 406681 |
| 942 | |c BK | ||
| 945 | |a paguirre |d 19960510 00:00:00 | ||
| 546 | |a En Inglés | ||
| 518 | |p Annual Meeting American Society for Testing and Materials, 17, Boston, 25 al 30 de Junio de 1967 | ||
| 999 | |c 382602 |d 382600 | ||
| 952 | |0 0 |1 0 |4 0 |6 661_808000000000000_AME_1968 |7 0 |8 A |9 504384 |a BIBING |b BIBING |d 2020-01-23 |i 165845K |o 661.808 AME 1968 |p 165845K |r 2025-01-20 |w 2020-01-23 |y BK |k ING | ||